000 00332nam a2200145Ia 4500
003 OSt
005 20231116085725.0
008 170524s9999 xx 000 0 und d
020 _a9788176567138
040 _cIIMT UNIVERSITY
100 _aJAIN- SATISH
245 0 _aO LEVEL MADE SIMPLE
260 _bDELHI : ANMOL
942 _2ddc
_c02
999 _c8398
_d8398